|
|
|
|
| LEADER |
01281nam a22002771 4500 |
| 001 |
c000054083 |
| 003 |
CARM |
| 005 |
00000000000000.0 |
| 008 |
s1965 sp 0 spa d |
| 019 |
1 |
|
|a 3962576
|5 LACONCORD2021
|
| 035 |
|
|
|a (OCoLC)23700864
|5 LACONCORD2021
|
| 100 |
1 |
|
|a Jimenez De La Espada, Marcos.
|
| 245 |
1 |
0 |
|a Relaciones geograficas de Indias :
|b Peru /
|c por M.Jimenez de la Espada. Ed. y estudio preliminar por J.U.Martinez Carreras.
|
| 260 |
|
|
|a Madrid :
|b Ediciones Atlas,
|c 1965.
|
| 300 |
|
|
|a 3 vols.
|
| 440 |
|
0 |
|a Biblioteca de autores espa~noles ;
|v t.183-5
|
| 651 |
|
0 |
|a Peru
|x History
|x Sources.
|
| 700 |
2 |
0 |
|a Martinez Carreras, Jose Urbano.
|
| 852 |
8 |
|
|b CARM
|h A2:AF21E0
|i C01133
|p 0061302
|f BK
|
| 852 |
8 |
|
|b CARM
|h A2:AF21E0
|i C01133
|p 0061304
|f BK
|
| 852 |
8 |
|
|b CARM
|h A2:AF21E0
|i C01133
|p 0061306
|f BK
|
| 082 |
0 |
4 |
|a 860
|
| 999 |
f |
f |
|i 1c23f390-969e-54ad-8e5b-3f7985331947
|s 4bc98f3a-3830-5bfc-9137-b332c3005a3c
|
| 952 |
f |
f |
|p Can circulate
|a CAVAL
|b CAVAL
|c CAVAL
|d CARM 1 Store
|e C01133
|f A2:AF21E0
|h Other scheme
|i book
|j v.2 held
|m 0061304
|
| 952 |
f |
f |
|p Can circulate
|a CAVAL
|b CAVAL
|c CAVAL
|d CARM 1 Store
|e C01133
|f A2:AF21E0
|h Other scheme
|i book
|j v.1 held
|m 0061302
|
| 952 |
f |
f |
|p Can circulate
|a CAVAL
|b CAVAL
|c CAVAL
|d CARM 1 Store
|e C01133
|f A2:AF21E0
|h Other scheme
|i book
|j v.3 held
|m 0061306
|